000 01044nam a22002537a 4500
005 20170124102928.0
010 _aB-023476
020 _c120.00
035 _aB-023476
037 _bCen Lib/Ret
040 _aDPL
_bHN
082 _a
_bकृष्ण
100 _aकृष्ण चंदर
_92125
245 _aआधे घंटे का खुदा /
_cकृष्ण चंदर
246 _aAdhe ghante ka khuda /
_bby Krishn Chander
260 _a दिल्ली
_bभारतीय जन सहयोग परिषद्
_c2000
270 _a३६, चेतक अप्र्त्मेंट , चेतन लेन सेक्टर,९ रोहिणी
_b दिल्ली
_e110085
300 _a111पृ.
_c18सेमी(सजिल्द)
650 _aहिंदी साहित्य
_944280
650 _aहिंदी कहानियां
_92082
650 _aHindi literature
_944281
650 _aHindi stories
_944282
942 _2ddc
_cHN
_h
_mकृष्ण
999 _c111733
_d111733